000 00766cam a22002171 4500
001 e 39000363
003 DLC
005 20260227111228.0
008 811223s1934 tnua s000 0 eng c
010 _ae 39000363
035 _a(OCoLC)8018526
040 _aU.S. off. of educ.
_cTM
_dTM
_dDLC
043 _an-us-tn
050 0 0 _aQL684.T2
_bA5 1939
082 _a598.29768
110 1 _aTennessee.
_bDepartment of Conservation.
_bEducational Service.
245 0 0 _aBirds of Tennessee in verse and story.
_cVerse and story by John L. Craig. Other materials by the staff, Educational service, Department of conservation.
260 _a[Nashville,
_bCullom & Ghertner co.,
_c1939]
300 _a76 p.
_billus. (part mounted col.)
_c23 cm.
700 1 _aCraig, John L.
999 _c21676
_d21676